000 00519nam a2200181 i 4500
001 31129
003 ES-MaACL
005 20230906154322.0
007 t|
008 030128s1973 sp ||||1| cat d
100 1 _aBen-Gurion, David.
_927409
245 1 0 _aIsrael, anys de lluita /
_cDavid Ben-Gurion ; [traducció: Dominec Guansé].
250 _a[1ª ed.].
260 _a[Barcelona :
_bAymá,
_c1973]
300 _a213 p. ;
_c19 cm.
700 1 _aGuansé, Domènec.
_960300
852 _aES-MaACL
_jC-53473
_bR.86409
999 _c31129
_d31129